| 000 | 00312 a2200133 4500 | ||
|---|---|---|---|
| 001 | 92173 | ||
| 082 | _a297.18 AME | ||
| 090 |
_c44136 _d44135 |
||
| 100 | _aAmeer Hamza | ||
| 245 | _aHazoor e Aali Shan bachon ke Darmyan | ||
| 260 |
_aLahore _bAl-Suffa _c2015 |
||
| 300 |
_a176p. _bHb |
||
| 500 | _aGeneral Book | ||
| 942 |
_aCAE NUST _k297.18 AME |
||
| 999 |
_c327246 _d327246 |
||